| 000 | 01856nam a22004337a 4500 | ||
|---|---|---|---|
| 003 | CHAP | ||
| 005 | 20220329135010.0 | ||
| 008 | 971013s1982 r 00010 d | ||
| 010 | _a29296 | ||
| 011 | _a30268 | ||
| 035 | _a34380 | ||
| 040 | _cCHAP | ||
| 082 |
_a634 _bK7Y 1975 |
||
| 100 | 0 | 0 |
_aKramer, Siegfried. _963855 |
| 245 | _aFruticultura | ||
| 260 |
_aMéxico, D. F. : _bCECSA, _c1982 |
||
| 300 |
_a276 h. _b: ilus. ; gráfs. |
||
| 500 | _aTrad. de la 2 ed. en alemán de 1975 | ||
| 590 |
_aBATCH-UPD _b10 _c20130110 _lUCH01 _h2003 |
||
| 590 |
_aCONVERSION _b10 _c20130109 _lUCH01 _h1317 |
||
| 650 | 1 | 4 |
_aFruticultura. _943684 |
| 700 | 0 |
_aAchuricht, Roland. _9559 |
|
| 700 | 0 |
_aFriedrich, Gerhard. _943304 |
|
| 901 | _aBK | ||
| 942 | _cLIBRO | ||
| 949 |
_a634 K7Y 1975 _bBC _cLIBRO _d33724000201646 _eLIBRO _fc.8 _h61991 _i34380 _si |
||
| 949 |
_a634 K7Y 1975 _bBC _cLIBRO _d33724000201653 _eLIBRO _fc.3 _h61984 _i34380 _si |
||
| 949 |
_a634 K7Y 1975 _bBC _cLIBRO _d33724000201661 _eLIBRO _fc.2 _h73667 _i34380 _si |
||
| 949 |
_a634 K7Y 1975 _bBC _cLIBRO _d33724000201679 _eLIBRO _h61985 _i34380 _si |
||
| 949 |
_a634 K7Y 1975 _bBC _cLIBRO _d33724000201737 _eLIBRO _fc.13 _h61987 _i34380 _si |
||
| 949 |
_a634 K7Y 1975 _bBC _cLIBRO _d33724000201745 _eLIBRO _fc.5 _h61988 _i34380 _si |
||
| 949 |
_a634 K7Y 1975 _bBC _cLIBRO _d33724000201752 _eLIBRO _fc.11 _h61994 _i34380 _si |
||
| 949 |
_a634 K7Y 1975 _bBC _cLIBRO _d33724000201760 _eLIBRO _fc.12 _h61986 _i34380 _si |
||
| 949 |
_a634 K7Y 1975 _bBC _cLIBRO _d33724000201778 _eLIBRO _fc.10 _h61994 _i34380 _si |
||
| 949 |
_a634 K7Y 1975 _bBC _cLIBRO _d33724000201794 _eLIBRO _fc.7 _h61990 _i34380 _si |
||
| 949 |
_a634 K7Y 1975 _bBC _cLIBRO _d33724000201802 _eLIBRO _fc.4 _h77567 _i34380 _si |
||
| 949 |
_a634 K7Y 1975 _bBC _cLIBRO _d33724000203030 _eLIBRO _fc.6 _h61989 _i34380 _si |
||
| 949 |
_a634 K7Y 1975 _bBC _cLIBRO _d33724000959185 _eLIBRO _fc.9 _h61993 _i34380 _si |
||
| 999 |
_c29296 _d29296 |
||